[Event "Asia Cities-ch 20th"]
[Site "Bhubaneswar"]
[Date "2017.08.27"]
[Round "3.3"]
[White "Tan, Jun Ying"]
[Black "Majed Ali, Abdouli"]
[Result "1-0"]
[WhiteElo "2038"]
[BlackElo "1704"]
[PlyCount "95"]
[EventDate "2017.08.26"]
[EventType "team-swiss"]
[EventRounds "9"]
[EventCountry "IND"]
[SourceTitle "CBM 180 Extra"]
[Source "ChessBase"]
[SourceDate "2017.10.06"]
[SourceVersion "1"]
[SourceVersionDate "2017.10.06"]
[SourceQuality "1"]
[WhiteTeam "Penang"]
[BlackTeam "Dubai"]
[WhiteTeamCountry "MAS"]
[BlackTeamCountry "UAE"]

1. d4 Nf6 2. c4 e6 3. Nc3 Bb4 4. e3 c5 5. Nge2 b6 6. a3 Bxc3+ 7. Nxc3 Bb7 8. d5 exd5 9. cxd5 d6 10. Be2 0-0 11. 0-0 Nbd7 12. Re1 Re8 13. b3 Qe7 14. f4 Ne4 15. Nxe4 Qxe4 16. Bf3 Qg6 17. e4 Rac8 18. Be3 Rxe4 19. Bxe4 Qxe4 20. Bxc5 Qxf4 21. Bf2 Nf6 22. Rc1 Rd8 23. Rc4 Qf5 24. Bh4 Bxd5 25. g4 Qf3 26. Qxf3 Bxf3 27. Rf4 Bd5 28. b4 Rc8 29. Bxf6 gxf6 30. Re7 a5 31. Rxf6 axb4 32. axb4 Be6 33. Rb7 Rc4 34. Rxb6 Rxg4+ 35. Kf2 Rh4 36. Kg3 Re4 37. Rf4 Re3+ 38. Rf3 Re4 39. Rf4 Re3+ 40. Kf2 Rd3 41. b5 Kf8 42. Rb4 Ke7 43. Ra6 Rc3 44. b6 Rc2+ 45. Ke3 Rxh2 46. b7 Rh3+ 47. Kf2 Rh2+ 48. Kg1 1-0

[Event "Asia Cities-ch 18th"]
[Site "Tagaytay City"]
[Date "2013.10.21"]
[Round "3.3"]
[White "Majed Ali, Abdouli"]
[Black "Ganbold, Choidog"]
[Result "0-1"]
[WhiteElo "1637"]
[BlackElo "2171"]
[PlyCount "60"]
[EventDate "2013.10.20"]
[EventType "team-swiss"]
[EventRounds "9"]
[EventCountry "PHI"]
[SourceTitle "EXT 2014"]
[Source "ChessBase"]
[SourceDate "2013.11.20"]
[SourceVersion "1"]
[SourceVersionDate "2013.11.20"]
[SourceQuality "1"]
[WhiteTeam "Dubai"]
[BlackTeam "Erdenet"]
[WhiteTeamCountry "UAE"]
[BlackTeamCountry "MGL"]

1. e4 e6 2. d4 d5 3. e5 c5 4. c3 Ne7 5. Na3 Nec6 6. Nc2 Nd7 7. Nf3 Be7 8. Bd3 f5 9. exf6 Nxf6 10. 0-0 c4 11. Be2 0-0 12. Re1 Ne4 13. Bf1 b5 14. Re2 Bd6 15. h3 Bd7 16. Nd2 Nf6 17. Ne1 b4 18. Nef3 Qc7 19. Qc2 Rae8 20. Nb1 bxc3 21. bxc3 Qa5 22. a4 Ne4 23. Nfd2 Nxd2 24. Bxd2 e5 25. Be1 Qb6 26. dxe5 Nxe5 27. Nd2 Bf5 28. Qa2 Bg6 29. Rd1 Bd3 30. Re3 Bc5 0-1

[Event "Asia Cities-ch 18th"]
[Site "Tagaytay City"]
[Date "2013.10.20"]
[Round "1.4"]
[White "Ahmed, Ali Layth Ahmed"]
[Black "Majed Ali, Abdouli"]
[Result "1-0"]
[WhiteElo "2288"]
[BlackElo "1637"]
[PlyCount "83"]
[EventDate "2013.10.20"]
[EventType "team-swiss"]
[EventRounds "9"]
[EventCountry "PHI"]
[SourceTitle "EXT 2014"]
[Source "ChessBase"]
[SourceDate "2013.11.20"]
[SourceVersion "1"]
[SourceVersionDate "2013.11.20"]
[SourceQuality "1"]
[WhiteTeam "Baghdad"]
[BlackTeam "Dubai"]
[WhiteTeamCountry "IRQ"]
[BlackTeamCountry "UAE"]

1. d4 Nf6 2. c4 e6 3. Nf3 Bb4+ 4. Bd2 Qe7 5. g3 b6 6. Bg2 Bb7 7. 0-0 Bxd2 8. Qxd2 0-0 9. Nc3 d6 10. Rac1 Nbd7 11. Rfd1 a6 12. Qc2 c5 13. dxc5 dxc5 14. e4 Ng4 15. Na4 b5 16. cxb5 axb5 17. Nxc5 Nxc5 18. Qxc5 Qxc5 19. Rxc5 Bxe4 20. a3 Rab8 21. Rd4 Nf6 22. Ne5 Bxg2 23. Kxg2 Rfc8 24. Rxc8+ Rxc8 25. Nc6 Kf8 26. Na7 Rb8 27. Rb4 Rb7 28. Nxb5 Nd5 29. Rb3 Nc7 30. Nd4 Rxb3 31. Nxb3 Ke7 32. Kf3 Kd6 33. Ke3 Nd5+ 34. Kd3 Nb6 35. Nd2 Kd5 36. Ne4 h6 37. Nc3+ Kc6 38. b4 Na8 39. a4 Nc7 40. Kc4 g5 41. b5+ Kb6 42. Kb4 1-0

[Event "Prague op-A 11th"]
[Site "Prague"]
[Date "2012.01.17"]
[Round "6"]
[White "Majed Ali, Abdouli"]
[Black "Kosina, Vladimir"]
[Result "1/2-1/2"]
[WhiteElo "1523"]
[BlackElo "1841"]
[PlyCount "73"]
[EventDate "2012.01.13"]
[EventType "swiss"]
[EventRounds "9"]
[EventCountry "CZE"]
[SourceTitle "CBM 146 Extra"]
[Source "ChessBase"]
[SourceDate "2012.02.29"]
[SourceVersion "1"]
[SourceVersionDate "2012.02.29"]
[SourceQuality "1"]

1. e4 c5 2. Nf3 d6 3. d4 cxd4 4. Nxd4 a6 5. Nc3 e6 6. Be3 Be7 7. Qd2 Nf6 8. f3 Nc6 9. Bc4 Qc7 10. Bb3 0-0 11. g4 b5 12. Nxc6 Qxc6 13. 0-0-0 Bb7 14. h4 a5 15. a3 a4 16. Ba2 Rfc8 17. h5 Nd7 18. g5 Nf8 19. g6 b4 20. gxf7+ Kxf7 21. axb4 a3 22. Bd4 axb2+ 23. Kxb2 Qa6 24. Ra1 Qa3+ 25. Kb1 Qxb4+ 26. Kc1 Bf6 27. Rb1 Qxd4 28. Rxb7+ Kg8 29. Qxd4 Bxd4 30. Nb5 Rxa2 31. Nxd4 Ra1+ 32. Rb1 Rxb1+ 33. Kxb1 Kf7 34. Kc1 Rc5 35. Kd2 Nd7 36. Ne2 Nf6 37. Nf4 1/2-1/2

[Event "World ol U16 10th"]
[Site "Kocaeli"]
[Date "2011.10.30"]
[Round "9.12"]
[White "Kilic, Efe Mert"]
[Black "Majed Ali, Abdouli"]
[Result "1-0"]
[WhiteElo "1606"]
[BlackElo "1506"]
[PlyCount "49"]
[EventDate "2011.10.24"]
[EventType "team-swiss"]
[EventRounds "10"]
[EventCountry "TUR"]
[SourceTitle "EXT 2012"]
[Source "ChessBase"]
[SourceDate "2011.11.24"]
[SourceVersion "1"]
[SourceVersionDate "2011.11.24"]
[SourceQuality "1"]
[WhiteTeam "Turkey IV"]
[BlackTeam "United Arab Emirates II"]
[WhiteTeamCountry "TUR"]
[BlackTeamCountry "UAE"]

1. f4 Nf6 2. Nf3 d5 3. e3 Nc6 4. b3 Bf5 5. Bb2 e6 6. Bb5 a6 7. Bxc6+ bxc6 8. Ne5 c5 9. d3 h6 10. Nd2 Bd6 11. Ndf3 Rc8 12. Qe2 c6 13. 0-0-0 Qb6 14. Rhg1 a5 15. g4 Bh7 16. g5 hxg5 17. fxg5 Nd7 18. g6 Bxe5 19. gxf7+ Kxf7 20. Nxe5+ Nxe5 21. Bxe5 Rcg8 22. Qh5+ Ke7 23. Rxg7+ Rxg7 24. Bxg7 Qb8 25. Rf1 1-0